000 00949nam a2200241 a 4500
001 50710
003 BD-RjUL
005 20220105121834.0
008 160920r19871972bg ||||| |||| 00| 0 b d
020 _c: Tk. 200.00
035 _a(BD-RjUL)50830
040 _aBD-RjUL
_cBD-RjUL
_dBD-RjUL
_bben/eng
041 _aben
082 _223
_a335.5
_bELM 1987
100 1 _aইলিয়াস, খোন্দকার মোহাম্মদ
_9219666
245 1 0 _aমুজিববাদ /
_cখোন্দকার মোহাম্মদ ইলিয়াস
250 _a১ম সং.
260 _aঢাকা :
_bসাম্য প্রকাশনী,
_c১৯৭২ [প্রকাশ ১৯৮৭]
300 _a৬৮৭ পৃ. :
_bচিত্র ;
_c২১ সেমি.
650 _aগণতান্ত্রিক সমাজতন্ত্র
_9219667
650 _aDemocratic socialism
_9219668
942 _2ddc
_cBK
999 _c50710
_d50710